[Event "Kieler Open 2017-A"]
[Site "Kiel"]
[Date "2017.07.30"]
[Round "3.14"]
[White "Ritter, Uwe"]
[Black "Saglam, Bülent"]
[Result "0-1"]
[WhiteElo "2056"]
[BlackElo "2076"]
[Annotator "PH"]
[PlyCount "56"]

1. e4 e6 2. d4 d5 3. Nd2 c5 4. exd5 exd5 5. Ngf3 Nf6 6. Bb5+ Bd7 7. Qe2+ Be7 8.
Bxd7+ Nbxd7 9. dxc5 O-O 10. O-O Nxc5 11. Nb3 Re8 12. Bg5 Na4 13. Rab1 Nxb2 14.
Qb5 Nc4 15. Qxb7 Ne4 16. Bf4 g5 17. Bg3 g4 18. Nfd4 Bf8 19. Rfd1 Nc3 20. Nc6
Qc8 21. Nbd4 Qxb7 22. Rxb7 Nxd1 23. h4 Re1+ 24. Kh2 Nd2 25. f3 Nf1+ 26. Kg1
Nxg3+ 27. Kh2 Nf1+ 28. Kg1 g3 0-1

[Event "Kieler Open 2017-A"]
[Site "Kiel"]
[Date "2017.07.30"]
[Round "3.15"]
[White "Böhm, Thomas"]
[Black "Jordan, Christian"]
[Result "1-0"]
[WhiteElo "2154"]
[BlackElo "2182"]
[Annotator "PH"]
[PlyCount "115"]

1. Nf3 b6 2. g3 Bb7 3. Bg2 e6 4. O-O Nf6 5. d3 g6 6. Nbd2 Bg7 7. Re1 O-O 8. e4
d6 9. c3 c5 10. a4 Nc6 11. Qc2 a6 12. Nb3 Qe7 13. d4 cxd4 14. Nbxd4 Nxd4 15.
Nxd4 Nd7 16. Be3 Rab8 17. Rad1 Rfc8 18. h4 Ne5 19. Bg5 Bf6 20. Bxf6 Qxf6 21.
Qe2 h5 22. Nf3 Qe7 23. Rd4 Nc6 24. Rd2 Kg7 25. Red1 Rd8 26. Qe3 Qc7 27. Bf1 Ne5
28. Nxe5 dxe5 29. f3 Rxd2 30. Qxd2 Qc5+ 31. Kg2 Rc8 32. Qd6 Kf6 33. Qxc5 Rxc5
34. Rd6 Rc6 35. Rxc6 Bxc6 36. a5 bxa5 37. Bxa6 Ke7 38. Kf2 Kd6 39. Ke3 Kc5 40.
Kd2 Kb6 {=} 41. Bd3 Kc5 42. b3 Be8 43. Bc2 Bc6 44. g4 f6 45. gxh5 gxh5 46. Bd1
f5 47. Ke3 f4+ 48. Kd2 Bb5 49. Be2 Be8 50. Kc2 Bc6 51. Kb2 Be8 52. Bc4 Bd7 53.
Bf1 Bc8 54. Bh3 Bd7 55. Ka3 a4 56. bxa4 Kc4 57. a5 Kxc3 58. a6 1-0

[Event "Kieler Open 2017-A"]
[Site "Kiel"]
[Date "2017.07.30"]
[Round "3.16"]
[White "Weber, Samuel"]
[Black "Gehlsen, René"]
[Result "1-0"]
[WhiteElo "2123"]
[BlackElo "1635"]
[Annotator "PH"]
[PlyCount "133"]

1. e4 g6 2. Nf3 d6 3. g3 Bg7 4. Bg2 Nh6 5. d3 f6 6. h4 Bg4 7. c3 c5 8. a4 Nc6
9. Qc2 Rc8 10. Nbd2 Qd7 11. Nc4 Bxf3 12. Bxf3 Nf7 13. Ne3 Nfe5 14. Bg2 e6 15.
f4 Nf7 16. g4 Ne7 17. O-O O-O 18. Qb3 Rfd8 19. g5 d5 20. Ng4 fxg5 21. hxg5 c4
22. dxc4 dxe4 23. Be3 b6 24. Rfd1 Qc6 25. Bd4 Bxd4+ 26. cxd4 Qxc4 27. Nf6+ Kg7
28. Qh3 h5 29. Rac1 Qe2 30. Bf1 Qf3 31. Qxf3 exf3 32. Rxc8 Rxc8 33. Re1 Nf5 34.
Rxe6 Nxd4 35. Re7 Rc2 36. Bd3 Rg2+ 37. Kf1 Nc6 38. Re8 Nfe5 39. Be4 Ng4 40.
Nxg4 hxg4 41. Bxc6 Rxb2 42. Re3 Rb1+ 43. Re1 Rb2 44. Re4 Rc2 45. Re7+ Kf8 46.
Re6 Rc1+ 47. Kf2 Rc2+ 48. Kg3 Rg2+ 49. Kh4 Rg1 50. f5 f2 51. Bb5 gxf5 52. Rf6+
Kg7 53. Rxf5 g3 54. Kg4 Kg6 55. Rf3 Ra1 56. Kxg3 Kxg5 57. Rxf2 a6 58. Bd7 b5
59. axb5 axb5 60. Bxb5 Ra3+ 61. Kg2 Rb3 62. Bc4 Rc3 63. Bd5 Rd3 64. Bf3 Ra3 65.
Kg3 Rb3 66. Rc2 Kf6 67. Rc4 1-0

[Event "Kieler Open 2017-A"]
[Site "Kiel"]
[Date "2017.07.30"]
[Round "3.17"]
[White "Möller, Dustin"]
[Black "Karlisch, Moritz"]
[Result "1-0"]
[WhiteElo "2079"]
[BlackElo "1887"]
[Annotator "PH"]
[PlyCount "31"]

1. d4 Nf6 2. c4 e6 3. Nf3 d5 4. g3 Be7 5. Bg2 O-O 6. O-O dxc4 7. Qc2 a6 8. a4
Bd7 9. Rd1 Bc6 10. Nc3 Nbd7 11. e4 b6 12. d5 exd5 13. e5 Ne4 14. Nxd5 Nec5 15.
Nxe7+ Qxe7 16. Ng5 1-0

[Event "Kieler Open 2017-A"]
[Site "Kiel"]
[Date "2017.07.30"]
[Round "3.18"]
[White "Lippmann, Kai"]
[Black "Buchholz, Sebastian"]
[Result "1/2-1/2"]
[WhiteElo "1959"]
[BlackElo "2134"]
[Annotator "PH"]
[PlyCount "29"]

1. c4 b6 2. Nc3 e6 3. e3 Bb7 4. Nf3 f5 5. g3 Nf6 6. Bg2 Bb4 7. Qc2 g5 8. a3
Bxc3 9. Qxc3 Rg8 10. d3 d6 11. Rg1 e5 12. Nxe5 Bxg2 13. Rxg2 dxe5 14. Qxe5+ Qe7
15. Qxf5 1/2-1/2

[Event "Kieler Open 2017-A"]
[Site "Kiel"]
[Date "2017.07.30"]
[Round "3.19"]
[White "Weißhorn, Lasse"]
[Black "Müller, Jan Hendrik"]
[Result "1/2-1/2"]
[WhiteElo "1745"]
[BlackElo "2109"]
[Annotator "PH"]
[PlyCount "82"]

1. e4 e6 2. d4 d5 3. Nc3 Bb4 4. e5 c5 5. a3 Bxc3+ 6. bxc3 Ne7 7. Qg4 Qc7 8.
Qxg7 Rg8 9. Qxh7 cxd4 10. Ne2 Nbc6 11. f4 dxc3 12. h4 Bd7 13. h5 O-O-O 14. Qd3
d4 15. Rg1 f6 16. exf6 Nd5 17. f7 Rgf8 18. g4 Rxf7 19. Bg2 Nxf4 20. Bxf4 Rxf4
21. Qg3 {=} 21... e5 22. Nxf4 exf4 23. Qh4 d3 24. cxd3 Nd4 25. Qf2 Nb3 26. Ra2
Nc1 27. Be4 Bc6 28. Bf5+ Kb8 29. Qc2 Qe5+ 30. Kf1 Qe3 31. Ra1 {=} 31... Nxd3
32. Bxd3 Rxd3 33. Qf2 Qh3+ 34. Ke1 Rd2 35. Qxf4+ Kc8 36. Qg3 Qh2 37. Qxh2 Rxh2
38. Rc1 c2 39. g5 Bb5 40. g6 Re2+ 41. Kf1 Rd2+ 1/2-1/2

[Event "Kieler Open 2017-A"]
[Site "Kiel"]
[Date "2017.07.30"]
[Round "3.20"]
[White "Boyens, Birger"]
[Black "Voelzke, Ferdinand"]
[Result "1-0"]
[WhiteElo "1996"]
[BlackElo "2134"]
[Annotator "PH"]
[PlyCount "97"]

1. e4 d6 2. d4 Nf6 3. Nc3 e5 4. Nge2 c6 5. g3 Be7 6. h3 Nbd7 7. Bg2 b6 8. Be3
Bb7 9. Qd2 a6 10. g4 h5 11. g5 Nh7 12. h4 g6 13. f4 exf4 14. Nxf4 Qc7 15. O-O-O
O-O-O 16. Rhf1 Nhf8 17. Rf2 Rh7 18. Rdf1 f6 19. Nh3 fxg5 20. Nxg5 Bxg5 21. Bxg5
Re8 22. Rf7 Kb8 23. R1f6 Rxf7 24. Rxf7 Ne6 25. Bh3 Bc8 26. Be3 b5 27. Qg2 Nef8
28. Bh6 b4 29. Na4 Ne6 30. Qxg6 Nxd4 31. Bxd7 Bxd7 32. Qh7 Rd8 33. Bg5 Qa5 34.
b3 Bc8 35. Bxd8 Qxd8 36. Qg7 Ne6 37. Qg1 c5 38. Qg3 Nd4 39. Kb2 Ka8 40. Qf4 Ne6
41. Qh6 c4 42. Qe3 c3+ 43. Kb1 Nc5 44. Nxc5 dxc5 45. Qd3 Qb6 46. Qd5+ Bb7 47.
Rf8+ Ka7 48. Qe5 Qc6 49. Rf5 1-0

[Event "Kieler Open 2017-A"]
[Site "Kiel"]
[Date "2017.07.30"]
[Round "3.21"]
[White "Arndt, Magnus"]
[Black "Strätker, Sebastian"]
[Result "1-0"]
[WhiteElo "2072"]
[BlackElo "1887"]
[Annotator "PH"]
[PlyCount "75"]

1. e4 e5 2. Nf3 Nc6 3. d4 exd4 4. Nxd4 Nf6 5. Nxc6 bxc6 6. e5 Qe7 7. Qe2 Nd5 8.
c4 Nb6 9. Nc3 d6 10. exd6 cxd6 11. Bg5 Qxe2+ 12. Bxe2 Be6 13. Bf3 Rc8 14. b3
Be7 15. Bxe7 Kxe7 16. O-O-O Rhd8 17. Rhe1 Kf8 18. Ne2 Bf5 {=} 19. g4 Bg6 20. h4
h6 21. Rd2 a5 22. Red1 d5 23. Nf4 a4 24. cxd5 cxd5+ 25. Kb2 Rb8 26. Nxg6+ fxg6
27. Bxd5 Rd6 28. Kc3 Rc8+ 29. Bc4 Rxd2 30. Rxd2 axb3 31. axb3 Ke7 32. Kd4 g5
33. Re2+ Kf8 34. hxg5 hxg5 35. Re5 Nd7 36. Rxg5 Nf6 37. Rf5 Rc7 38. g5 1-0

[Event "Kieler Open 2017-A"]
[Site "Kiel"]
[Date "2017.07.30"]
[Round "3.23"]
[White "Röttig, Hans-Peter"]
[Black "Quiring, Nikolai"]
[Result "1-0"]
[WhiteElo "2078"]
[BlackElo "2007"]
[Annotator "PH"]
[PlyCount "99"]

1. e4 e6 2. d4 d5 3. Nc3 Nf6 4. e5 Nfd7 5. f4 c5 6. Nce2 cxd4 7. Nxd4 Nc6 8.
Ngf3 Nxd4 9. Nxd4 Nb6 10. Bd3 Bc5 11. c3 O-O 12. Qh5 g6 13. Qh6 Qe8 14. h4 f5
15. h5 Qf7 16. g4 Qg7 17. hxg6 hxg6 18. Qh2 Bxd4 19. cxd4 Bd7 20. b3 Kf7 21.
gxf5 exf5 22. Bd2 Rh8 23. Qg2 Rxh1+ 24. Qxh1 Qh8 {=} 25. Qg2 Qh4+ 26. Kd1 Rh8
27. Kc2 Qh3 28. Qe2 Qh5 29. Qe1 Qf3 30. Qe2 Qxe2 31. Bxe2 Na8 32. Bf3 Nc7 33.
Rg1 Bc6 34. Rh1 Rxh1 35. Bxh1 Ne6 36. Kd3 Kg7 37. Bf3 Kh6 38. Ke3 g5 39. fxg5+
Kxg5 40. Kd3+ f4 41. a4 Kf5 42. b4 a6 43. Kc3 Ng5 44. Bd1 Ne4+ 45. Kd3 Nxd2 46.
Kxd2 Ke4 47. Bh5 Kxd4 48. e6 Bxa4 49. e7 Kc4 50. b5 1-0

[Event "Kieler Open 2017-A"]
[Site "Kiel"]
[Date "2017.07.30"]
[Round "3.24"]
[White "Lenhardt, Manfred"]
[Black "Zimmermann, Manfred"]
[Result "0-1"]
[WhiteElo "2096"]
[BlackElo "1997"]
[Annotator "PH"]
[PlyCount "78"]

1. Nf3 d5 2. d4 Nf6 3. c4 e6 4. g3 Nbd7 5. Bg2 Be7 6. O-O O-O 7. Nc3 c6 8. b3
b6 9. Bb2 Bb7 10. Qc2 Rc8 11. e4 dxe4 12. Nxe4 Nxe4 13. Qxe4 Nf6 14. Qc2 Bd6
15. Rfd1 Qc7 16. Rac1 Rfd8 17. Qb1 Be7 18. d5 exd5 19. Be5 Qd7 20. Ng5 g6 21.
Bxf6 Bxf6 22. Bh3 Qe8 23. Re1 Qf8 24. Bxc8 Bxc8 25. cxd5 Bxg5 26. Rxc6 Bb7 27.
Rc7 Bxd5 28. Rxa7 Qd6 29. Qc2 Bc6 30. Qc4 Bd5 31. Qe2 Be6 32. h4 Bf6 33. h5 Bg5
34. hxg6 hxg6 35. Qe4 Qd5 36. Qxd5 Rxd5 37. Ra4 b5 38. Rae4 Kg7 39. Re5 Bf6 {
Zeit} 0-1

[Event "Kieler Open 2017-A"]
[Site "Kiel"]
[Date "2017.07.30"]
[Round "3.25"]
[White "Fleischmann, Yannic"]
[Black "Bendel, Ralf"]
[Result "0-1"]
[WhiteElo "1614"]
[BlackElo "2124"]
[Annotator "PH"]
[PlyCount "112"]

1. e4 c5 2. Nc3 Nc6 3. g3 g6 4. Bg2 Bg7 5. d3 e6 6. Nge2 Nge7 7. O-O O-O 8. Be3
Nd4 9. f4 d6 10. h3 Rb8 11. Rb1 a5 12. a3 Nec6 13. g4 b5 14. Ng3 b4 15. Nce2 f5
16. g5 Bd7 17. c3 Nxe2+ 18. Nxe2 Qe7 19. Qd2 Rfc8 20. exf5 exf5 21. d4 Re8 22.
Bd5+ Kh8 23. Kf2 Rec8 24. dxc5 dxc5 25. axb4 axb4 26. Rbe1 Qd6 27. Rd1 Qe7 28.
Rde1 Rd8 29. Qc1 Be8 30. Bf3 b3 31. Rd1 Na5 32. Rxd8 Rxd8 33. Rd1 Rxd1 34. Qxd1
Nc4 35. Qc1 Bf7 36. h4 Kg8 37. Bc6 Qd6 38. Bf3 Qd3 39. Bxc5 Nd2 40. Be3 Nxf3
41. Kxf3 Bd5+ 42. Kf2 Qe4 43. Qg1 {=} 43... Qf3+ 44. Ke1 Bc4 45. Qf2 Bxe2 46.
Qxe2 Bxc3+ 47. Bd2 Qh1+ 48. Kf2 Qh2+ 49. Kf3 Qh3+ 50. Kf2 Bd4+ 51. Be3 Qh2+ 52.
Ke1 Qxe2+ 53. Kxe2 Bxb2 54. Kd3 Bg7 55. Bc5 Kf7 56. Bb4 Ke6 0-1

[Event "Kieler Open 2017-A"]
[Site "Kiel"]
[Date "2017.07.30"]
[Round "3.26"]
[White "Oltzen, Samuel"]
[Black "Indinger, Alexander"]
[Result "1-0"]
[WhiteElo "1990"]
[BlackElo "1798"]
[Annotator "PH"]
[PlyCount "69"]

1. e4 c6 2. d4 d5 3. e5 c5 4. dxc5 e6 5. a3 Nc6 6. Nf3 Bxc5 7. b4 Bb6 8. Bb2
Nge7 9. Bd3 Ng6 10. O-O Nf4 11. Bb5 O-O 12. Qc1 Ng6 13. Nbd2 Qc7 14. Re1 Bd7
15. c4 a6 16. Bxc6 Bxc6 17. c5 Ba7 18. Nd4 Rac8 19. N2f3 b6 20. cxb6 Bxb6 21.
Qd2 Qe7 22. a4 Rc7 23. b5 axb5 24. axb5 Bb7 25. Ba3 Bc5 26. Bxc5 Qxc5 27. Rec1
Qb6 28. Rxc7 Qxc7 29. Rc1 Qb6 30. g3 Rc8 31. Rxc8+ Bxc8 32. Qb4 Bd7 33. Qd6 Qb7
34. b6 h6 35. Nb3 1-0

[Event "Kieler Open 2017-A"]
[Site "Kiel"]
[Date "2017.07.30"]
[Round "3.27"]
[White "Rohde, Patrick"]
[Black "Kaiser, Johannes"]
[Result "1-0"]
[WhiteElo "1939"]
[BlackElo "1720"]
[Annotator "PH"]
[PlyCount "65"]

1. e4 d5 2. exd5 Qxd5 3. Nc3 Qa5 4. d4 Bf5 5. Bc4 e6 6. Bd2 c6 7. Qe2 a6 8.
O-O-O Bb4 9. g4 Bg6 10. h4 h5 11. a3 Be7 12. g5 Nd7 13. Nf3 Qc7 14. Rhe1 O-O-O
15. Ne4 Kb8 16. Kb1 Bf8 17. Bd3 Ne7 18. c4 Nf5 19. Rc1 Qb6 20. Bf4+ Ka7 21. c5
Qa5 22. Ka2 Rc8 23. b4 Qd8 24. a4 b5 25. axb5 axb5 26. Kb2 e5 27. dxe5 Nxc5 28.
bxc5 Nd4 29. Nxd4 Qxd4+ 30. Kb1 Ra8 31. Red1 Bxe4 32. Qxe4 Qxf2 33. Rd2 1-0

[Event "Kieler Open 2017-A"]
[Site "Kiel"]
[Date "2017.07.30"]
[Round "3.28"]
[White "Krieglstein, Marcel"]
[Black "Prasse, Philipp"]
[Result "0-1"]
[WhiteElo "1930"]
[BlackElo "2013"]
[Annotator "PH"]
[PlyCount "66"]

1. d4 d5 2. c4 e6 3. Nc3 Nf6 4. Bg5 Be7 5. Nf3 O-O 6. e3 h6 7. Bh4 b6 8. cxd5
Nxd5 9. Nxd5 Bxh4 10. Nxc7 Bxf2+ 11. Kxf2 Qxc7 12. Rc1 Qd6 13. Bc4 Bb7 14. Rf1
Nd7 15. Kg1 Rac8 16. Qe2 e5 17. dxe5 Nxe5 18. Rfd1 Nxf3+ 19. gxf3 Qf6 20. e4 b5
21. e5 Qg5+ 22. Qg2 Rxc4 23. Qxg5 hxg5 24. Rxc4 bxc4 25. Rd7 Bxf3 26. Rc7 Rb8
27. Rxc4 Rxb2 28. Ra4 Bd5 29. Rxa7 Rg2+ 30. Kf1 Rxa2 31. Rxa2 Bxa2 32. Kf2 Kh7
33. Kg3 Kg6 0-1

[Event "Kieler Open 2017-A"]
[Site "Kiel"]
[Date "2017.07.30"]
[Round "3.29"]
[White "Schaefer, Martin"]
[Black "Gutschenreiter, Donato"]
[Result "1/2-1/2"]
[WhiteElo "2001"]
[BlackElo "1714"]
[Annotator "PH"]
[PlyCount "95"]

1. d4 Nf6 2. c4 c5 3. d5 e6 4. Nc3 exd5 5. cxd5 d6 6. Nf3 g6 7. Nd2 Bg7 8. e4
O-O 9. Be2 a6 10. a4 Nbd7 11. O-O Re8 12. Re1 Rb8 13. a5 Qc7 14. Qc2 Kh8 15. h3
h5 16. Nc4 b5 17. axb6 Nxb6 18. Na5 Bd7 19. Bf4 c4 20. Be3 Bb5 21. Ra3 Nfd7 22.
Rea1 Ne5 23. Bd4 Nf3+ 24. Bxf3 Bxd4 25. Nxb5 axb5 26. Nc6 Bc5 27. Ra7 Rb7 28.
Rxb7 Qxb7 {=} 29. Ra7 Qc8 30. Qc3+ Kg8 31. Ne7+ Rxe7 32. Rxe7 Nd7 33. Qa5 Kf8
34. Rxd7 Qxd7 35. g4 hxg4 36. hxg4 Qa7 37. Qd2 Bd4 38. Kg2 Be5 39. Qc2 Qa2 40.
Qd2 c3 41. Qh6+ Bg7 42. Qg5 f6 43. Qf4 cxb2 44. g5 Ke7 45. gxf6+ Bxf6 46. Qg4
Kf7 47. Qe6+ Kg7 48. Qd7+ 1/2-1/2

[Event "Kieler Open 2017-A"]
[Site "Kiel"]
[Date "2017.07.30"]
[Round "3.30"]
[White "Christensen, Andreas"]
[Black "Benzen, Marthe"]
[Result "0-1"]
[WhiteElo "1809"]
[BlackElo "2016"]
[Annotator "PH"]
[PlyCount "79"]

1. e4 e5 2. Nf3 Nc6 3. Bc4 Bc5 4. c3 Nf6 5. d3 a6 6. h3 Ba7 7. Bb3 O-O 8. Nbd2
d5 9. Qe2 Re8 10. Nf1 d4 11. Ng3 Na5 12. Bc2 c5 13. Nh4 c4 14. Nhf5 b5 15. Qf3
Bc5 16. Bg5 Bxf5 17. Nxf5 cxd3 18. Bxd3 dxc3 19. bxc3 Re6 20. O-O h6 21. Bh4
Kh7 22. Rad1 Qb6 23. Be2 Qc6 24. Bxf6 Rxf6 25. Qh5 Bf8 26. Ne3 g6 27. Qxe5 Re8
28. Qd5 Rxe4 29. Qd8 Be7 30. Qxa5 Ra4 31. Qxa4 bxa4 32. Nd5 Re6 33. Bf3 Qc5 34.
Rb1 Kg7 35. Rb7 Bd6 36. Rd1 a3 37. Kh1 Qxf2 38. Rbb1 Qg3 39. Kg1 Qh2+ 40. Kf2
0-1

[Event "Kieler Open 2017-A"]
[Site "Kiel"]
[Date "2017.07.30"]
[Round "3.31"]
[White "Dittmann, Hans-Adolf"]
[Black "Litau, Alexej"]
[Result "1-0"]
[WhiteElo "2073"]
[BlackElo "1701"]
[Annotator "PH"]
[PlyCount "63"]

1. e4 e6 2. d4 d5 3. Nc3 Nf6 4. Bg5 Bb4 5. e5 h6 6. Bh4 g5 7. Bg3 Ne4 8. Nge2
c5 9. f3 Nxc3 10. bxc3 Ba3 11. Rb1 Qa5 12. Qd2 Nc6 13. c4 Qxd2+ 14. Kxd2 cxd4
15. cxd5 exd5 16. h4 Rg8 17. hxg5 hxg5 18. Nc1 Bb4+ 19. Kd1 a6 20. Bd3 b5 21.
Rh6 Be6 22. Ne2 Bf8 23. Rh5 Kd7 24. Bh7 Rh8 25. Bf2 Bg7 26. Bxd4 Nxd4 27. Nxd4
Bxe5 28. Nxe6 {=} 28... fxe6 29. Ke2 Rac8 30. Rbh1 Kd6 31. Bd3 Bf4 32. Rxh8 1-0

[Event "Kieler Open 2017-A"]
[Site "Kiel"]
[Date "2017.07.30"]
[Round "3.32"]
[White "Eberhardt, Michael"]
[Black "Basey, Matthew"]
[Result "0-1"]
[WhiteElo "1812"]
[BlackElo "1793"]
[Annotator "PH"]
[PlyCount "70"]

1. Nf3 Nf6 2. c4 e6 3. g3 d5 4. b3 Be7 5. Bg2 O-O 6. O-O c5 7. Bb2 Nc6 8. e3
Qb6 9. Nc3 dxc4 10. Na4 Qc7 11. bxc4 b6 12. Nc3 a6 13. Qe2 Bb7 14. d4 cxd4 15.
exd4 Rfd8 16. Rad1 Na5 17. Rc1 Qxc4 18. Qe3 Qb4 19. Ba1 Nc4 20. Qe2 Rac8 21.
Rfd1 b5 22. Rb1 Qd6 23. Bh3 b4 24. Na4 Qc6 25. Rb3 Qxa4 26. Bxe6 Bxf3 27. Rxf3
fxe6 28. Qxe6+ Kh8 29. Re1 Qc6 30. Qxc6 Rxc6 31. Rxe7 Nd2 32. Rd3 Rc1+ 33. Kg2
Nc4 34. d5 Rxa1 35. Rc7 Nd6 0-1

[Event "Kieler Open 2017-A"]
[Site "Kiel"]
[Date "2017.07.30"]
[Round "3.33"]
[White "Deutschbein, Christopher"]
[Black "Rommeck, Christiane"]
[Result "1-0"]
[WhiteElo "2019"]
[BlackElo "1616"]
[Annotator "PH"]
[PlyCount "35"]

1. e4 d5 2. exd5 Qxd5 3. Nc3 Qd6 4. d4 Nf6 5. Nf3 a6 6. g3 Bg4 7. Bg2 Nc6 8.
Be3 O-O-O 9. O-O g6 10. h3 Bxf3 11. Qxf3 Bg7 12. Rab1 e5 13. dxe5 Qxe5 14. Bf4
Qf5 15. b4 g5 16. b5 axb5 17. Rxb5 Qxc2 18. Rxb7 1-0

[Event "Kieler Open 2017-A"]
[Site "Kiel"]
[Date "2017.07.30"]
[Round "3.34"]
[White "Farokhi, Keyvan"]
[Black "Schramm, Bernd"]
[Result "1/2-1/2"]
[WhiteElo "1726"]
[BlackElo "2036"]
[Annotator "PH"]
[PlyCount "58"]

1. c4 Nf6 2. g3 c6 3. Bg2 d5 4. cxd5 cxd5 5. Nf3 Nc6 6. d4 e6 7. Nc3 Bd6 8. O-O
O-O 9. Bg5 h6 10. Bxf6 Qxf6 11. e3 Bd7 12. a3 Rac8 13. Rc1 Na5 14. Nd2 b5 15.
b4 Nc4 16. Nxc4 Rxc4 17. Ne2 Rfc8 18. Qd2 Qd8 19. Rc3 a5 20. Rxc4 Rxc4 21. bxa5
Bxa3 22. Ra1 Ra4 23. Qd3 Qxa5 24. Nc3 Rc4 25. Nxd5 exd5 26. Rxa3 Rc1+ 27. Bf1
Qd8 28. Rc3 Ra1 29. Ra3 Rc1 1/2-1/2

[Event "Kieler Open 2017-A"]
[Site "Kiel"]
[Date "2017.07.30"]
[Round "3.35"]
[White "Hartwig, Frank"]
[Black "Koedijk, Klaas Jan"]
[Result "1-0"]
[WhiteElo "1984"]
[BlackElo "1311"]
[Annotator "PH"]
[PlyCount "115"]

1. e4 c5 2. Nf3 g6 3. c4 Bg7 4. Nc3 Nc6 5. g3 Nf6 6. Bg2 O-O 7. O-O d6 8. d3
Bg4 9. h3 Bd7 10. Be3 Qc8 11. Kh2 Rd8 12. Rc1 a6 13. Qd2 Na7 14. Nd5 Nxd5 15.
cxd5 b6 16. Rfd1 Qb7 17. b3 Nb5 18. Bh6 Bh8 19. Bg5 Re8 20. Be3 Rac8 21. a4 Nc7
22. d4 Red8 23. Bg5 Re8 24. Bf4 Red8 25. Qe2 Ne8 26. Bg5 Nf6 27. e5 dxe5 28.
Nxe5 Qa7 29. dxc5 Rxc5 30. Rxc5 bxc5 31. Nc6 Bxc6 32. dxc6 Rxd1 33. Qxd1 Qc7
34. Qd3 a5 35. Qa6 h5 36. Qb7 Qxb7 37. cxb7 Nd7 38. Bxe7 Be5 39. Bc6 Nb8 40.
Bb5 Bc7 41. Bxc5 Kg7 42. Kg2 f6 43. b4 axb4 44. Bxb4 Bb6 45. Bd6 Ba7 46. Kf3
Kf7 47. g4 hxg4+ 48. Kxg4 Ke6 49. Bf4 Kd5 50. Be8 g5 51. Bc7 Ke6 52. f4 Ke7 53.
Bb5 gxf4 54. Kxf4 Kf7 55. Kf5 Ke7 56. h4 Kf7 57. h5 Kg7 58. Ke6 1-0

[Event "Kieler Open 2017-A"]
[Site "Kiel"]
[Date "2017.07.30"]
[Round "3.36"]
[White "Sasaki, Yu"]
[Black "Kreutz, Jonas"]
[Result "0-1"]
[WhiteElo "1632"]
[BlackElo "1826"]
[Annotator "PH"]
[PlyCount "136"]

1. e4 e6 2. d4 d5 3. Nd2 Nc6 4. Ngf3 Nf6 5. e5 Nd7 6. Bb5 a6 7. Bxc6 bxc6 8.
Nb3 c5 9. Na5 c6 10. Bd2 Qb6 11. dxc5 Bxc5 12. O-O Qc7 13. Bc3 Bb6 14. Nb3 c5
15. Qe2 Bb7 16. Rfe1 Ba7 17. Ng5 h6 18. Qh5 Nf8 19. Ba5 Qe7 20. Nf3 Nd7 21.
Rad1 Nb8 22. c4 d4 23. Nfd2 Nd7 24. Ne4 Bb8 25. f4 O-O 26. Rd3 Bxe4 27. Rxe4 f5
28. Re2 Ba7 29. Rg3 Kh8 30. Nd2 Bb6 31. Bxb6 Nxb6 32. b3 Qf7 33. Qh3 a5 34. Nf3
Nc8 35. Nh4 Ne7 36. Rf3 Qh5 37. Rd2 Kg8 38. Rfd3 Kf7 39. Qg3 g5 40. fxg5 hxg5
41. Nf3 Rg8 42. Qf2 Nc6 43. a3 g4 44. Re2 gxf3 45. Rxf3 Qh6 46. h4 Qg7 47.
Rxf5+ exf5 48. Qxf5+ Ke7 49. e6 Ne5 50. Qe4 Rab8 51. Qd5 Ke8 52. Rxe5 Qb7 53.
e7 Qxd5 54. cxd5 Rb6 55. Kf2 Rf6+ 56. Ke2 Rxg2+ 57. Kd3 Rf3+ 58. Kc4 Re3 59.
Rh5 Rc2+ 60. Kb5 Rxb3+ 61. Kc6 Kxe7 62. d6+ Ke6 63. d7 Rb8 64. Rd5 Rd8 65. Kc7
Kxd5 66. Kxd8 Rg2 67. h5 Ke6 68. h6 Rg8+ 0-1

[Event "Kieler Open 2017-A"]
[Site "Kiel"]
[Date "2017.07.30"]
[Round "3.37"]
[White "Isler, Benjamin"]
[Black "Beeck, Mats"]
[Result "0-1"]
[WhiteElo "1897"]
[BlackElo "2104"]
[Annotator "PH"]
[PlyCount "54"]

1. e4 c5 2. d4 cxd4 3. c3 dxc3 4. Nxc3 Nc6 5. Nf3 g6 6. Bc4 Bg7 7. O-O d6 8.
Bf4 Nf6 9. Qe2 O-O 10. Rfd1 Bg4 11. h3 Bxf3 12. Qxf3 Nd7 13. Qe3 Rc8 14. g4 Nb6
15. Bd3 Ne5 16. h4 Nxg4 17. Qh3 Ne5 18. Be2 h5 19. Kh1 Nbc4 20. Rg1 Nxb2 21.
Bxh5 Nbd3 22. Be3 Rxc3 23. Rg3 gxh5 24. Rxg7+ Kxg7 25. Rg1+ Ng6 26. Qf5 Qc8 27.
Bd4+ e5 0-1

[Event "Kieler Open 2017-A"]
[Site "Kiel"]
[Date "2017.07.30"]
[Round "3.38"]
[White "Schmidt, Peter"]
[Black "Samuelson, Bernd"]
[Result "1/2-1/2"]
[WhiteElo "1949"]
[BlackElo "1438"]
[Annotator "PH"]
[PlyCount "47"]

1. e4 d5 2. exd5 Qxd5 3. Nf3 Bg4 4. Be2 Nc6 5. Nc3 Qd6 6. Ne4 Qd8 7. O-O e6 8.
h3 h5 9. Bb5 Qd5 10. Qe2 Bxf3 11. gxf3 a6 12. c4 Qf5 13. Bxc6+ bxc6 14. Kg2 Ne7
15. d4 Ng6 16. d5 cxd5 17. cxd5 Qxd5 18. Rd1 Nh4+ 19. Kg3 Nf5+ {=} 20. Kh2 Qc6
21. Bf4 Bd6 22. Nxd6+ cxd6 23. Rac1 Qb6 24. Be3 1/2-1/2

[Event "Kieler Open 2017-A"]
[Site "Kiel"]
[Date "2017.07.30"]
[Round "3.39"]
[White "Neuendorf, Max"]
[Black "Vorsilka, Jiri"]
[Result "1/2-1/2"]
[WhiteElo "1892"]
[BlackElo "1593"]
[Annotator "PH"]
[PlyCount "55"]

1. e4 c5 2. c3 g6 3. d4 cxd4 4. Qxd4 Nf6 5. Bb5 Nc6 6. Bxc6 dxc6 7. e5 Qxd4 8.
cxd4 Nd5 9. a3 Bf5 10. Nc3 O-O-O 11. Nf3 h6 12. h3 g5 13. Bd2 Bg7 14. Ne2 Be4
15. Ng3 Bxf3 16. gxf3 e6 17. Ne4 Bf8 18. h4 gxh4 19. Rxh4 Be7 20. Rh5 f5 21.
exf6 Nxf6 22. Re5 Nxe4 23. Rxe4 Bf6 24. Bc3 Rde8 25. Ke2 Kd7 26. Rh1 h5 27. f4
h4 28. Re3 1/2-1/2

[Event "Kieler Open 2017-A"]
[Site "Kiel"]
[Date "2017.07.30"]
[Round "3.40"]
[White "Bernard, Adrian"]
[Black "Papesch, Dennis"]
[Result "0-1"]
[WhiteElo "1745"]
[BlackElo "1825"]
[Annotator "PH"]
[PlyCount "96"]

1. d4 c6 2. c4 d5 3. Nc3 Nf6 4. Nf3 e6 5. Qc2 Nbd7 6. e3 dxc4 7. Bxc4 b5 8. Bd3
Bb7 9. O-O a6 10. e4 c5 11. Bg5 h6 12. Be3 Rc8 13. d5 exd5 14. Nxd5 Nxd5 15.
exd5 Bd6 16. Bf5 Qc7 17. Qe4+ Kf8 18. Qh4 Re8 19. Rfe1 Nf6 20. Bg5 Rxe1+ 21.
Rxe1 Nxd5 22. Bd8 Qc6 23. Qg4 Ne7 24. Be4 Qc8 25. Bxe7+ Bxe7 26. Qxc8+ Bxc8 27.
Ne5 g5 28. Bd5 Rh7 29. f3 Bf6 30. b3 Bxe5 31. Rxe5 f6 32. Re2 Re7 33. Rc2 Rc7
34. Kf2 Ke7 35. g3 {=} 35... f5 36. f4 Kf6 37. h3 Be6 38. Bxe6 Kxe6 39. Re2+
Kf6 40. Rc2 c4 41. bxc4 Rxc4 42. Rd2 gxf4 43. gxf4 Rxf4+ 44. Kg3 Ra4 45. Rd6+
Kg5 46. h4+ Rxh4 47. Rxa6 Ra4 48. Rb6 Ra3+ 0-1

[Event "Kieler Open 2017-A"]
[Site "Kiel"]
[Date "2017.07.30"]
[Round "3.41"]
[White "Degenhardt, Andreas"]
[Black "Rohmann, Volker"]
[Result "1/2-1/2"]
[WhiteElo "1777"]
[BlackElo "1818"]
[Annotator "PH"]
[PlyCount "79"]

1. d4 d5 2. Nf3 Nf6 3. Nbd2 e6 4. e3 Bd6 5. Bd3 O-O 6. O-O Nbd7 7. Qe2 Re8 8.
c4 c6 9. e4 e5 10. dxe5 Nxe5 11. Nxe5 Bxe5 12. Rd1 Qc7 13. g3 Bg4 14. f3 Bh3
15. Re1 Rad8 16. Nb3 dxe4 17. Bxe4 Nxe4 18. fxe4 a5 19. Be3 Bxg3 20. hxg3 Qxg3+
21. Kh1 Rxe4 22. Qf2 Rxe3 23. Qxg3 Rxg3 24. Nxa5 Bc8 25. Re7 h5 26. Rf1 f6 27.
Kh2 Rgd3 28. Nxb7 Bxb7 29. Rxb7 R3d4 30. Rg1 Rh4+ 31. Kg3 Rg4+ 32. Kf2 Rf4+ 33.
Ke3 g5 34. b3 Re8+ 35. Kd3 h4 36. a4 h3 37. a5 h2 38. Rh1 Ra8 39. Rxh2 Rxa5 40.
Rhh7 1/2-1/2

[Event "Kieler Open 2017-A"]
[Site "Kiel"]
[Date "2017.07.30"]
[Round "3.42"]
[White "Witt, Holger"]
[Black "Bernhardsson, Sten"]
[Result "0-1"]
[WhiteElo "1578"]
[BlackElo "1927"]
[Annotator "PH"]
[PlyCount "74"]

1. c4 Nf6 2. Nc3 e6 3. e4 d5 4. e5 d4 5. exf6 dxc3 6. bxc3 Qxf6 7. d4 b6 8. Nf3
Bb7 9. Bd3 h6 10. O-O Bd6 11. Re1 O-O 12. Ne5 Rd8 13. Qh5 Bxe5 14. dxe5 Qe7 15.
Be4 Bxe4 16. Rxe4 Nd7 17. Bxh6 gxh6 18. Qxh6 Nf8 19. Rg4+ Ng6 20. h4 Qf8 21.
Qg5 Kh7 22. Qf6 Rd7 23. h5 Nh8 24. h6 Ng6 25. g3 Qh8 26. Qg7+ Qxg7 27. hxg7
Kxg7 28. Kg2 Rad8 29. Rh1 Rd2 30. Rg5 Rxa2 31. Rgh5 Rdd2 32. Rh7+ Kf8 33. Rf1
Nxe5 34. Rh8+ Kg7 35. Rh4 Nd3 36. Rg4+ Kf8 37. Kh3 Nxf2+ 0-1